00885cam a22002171 450000100060000000300080000600500170001400800390003103500190007004000360008904100080012508200210013310000430015424500360019725000110023326000590024430000170030350400310032050503020035165000140065311291BD-RjUL20211208235112.0140126r19571949enk b 000 0 eng a(BD-RjUL)11340 aDLC/ICUcICUdDLCdBD-RjULbeng aeng00a547.29bSIT 19571 aSimonsen, J. L.q(John Lionel),d1884-14aThe terpenes. /cJ. L. Simonsen a2d ed. aCambridge :bUniversity Press,c1947 [Reprinted 1957]. av. ;c23 cm. aBibliographical footnotes.1 av. 1. The simpler acyclic and monocyclic terpenes and their derivatives.-- v.3. The sesquiterpenes, diterpenes and their derivatives. v.5. The tripertenes and their derivatives, hydroxy acids, hydroxy lactones, hydroxyaldehydo, acids, hydroxyketo acids and the stereochemistry of the trierpenes -- 0aTerpenes.